000 00250nam a2200109Ia 4500
008 200302s9999 xx 000 0 und d
100 _aSott Atkinson
245 _aFurniture Finishing
260 _bSunset Books Inc.
260 _c1977
300 _a96 P.,
999 _c1480
_d1480